Tratamientos de los Trastornos Psiquiátricos. (Registro nro. 1289)
[ vista simple ]
| 000 -LEADER | |
|---|---|
| fixed length control field | 01087nam a2200265 a 4500 |
| 005 - FECHA ULTIMA MODIFICACION | |
| control field | 20240516131955.0 |
| 008 - CAMPO DE CONTROL (LIBRO) | |
| fixed length control field | 100311s2008||||sp d f |||| 001 0 spa d |
| 020 ## - INTERNATIONAL STANDARD BOOK NUMBER | |
| ISBN | 9788497514514 |
| 041 ## - CODIGO DE IDIOMA | |
| Código de idioma del texto/pista de sonido o título separado | spa |
| 092 ## - SIGNATURA TOPOGRAFICA DEWEY LOCAL | |
| número de clasificación | 616.89 |
| libristica | 28 |
| sección | GAB |
| 100 1# - ENTRADA PRINCIPAL--NOMBRE PERSONAL | |
| Nombre personal | Gabbard, Glen O. |
| Función | Dir. |
| 9 (RLIN) | 2004 |
| 245 ## - TITULO PROPIAMENTE DICHO | |
| Título | Tratamientos de los Trastornos Psiquiátricos. |
| Subtítulo y Título paralelo | T.2 / |
| Mención de responsabilidad y remanente de la transcripción de la portada | Glen O. Gabbard |
| 250 ## - MENCION DE EDICION | |
| Mención de edición | 1a ed. |
| Mención de responsabilidad relacionada con la ed. | Traducción José Luis Agud Aparicio. Revisión cientifica Consuelo de Dios Perrino |
| 260 ## - PIE DE IMPRENTA | |
| Lugar de publicación, distribución, etc | Barcelona: |
| Nombre de la editorial, distribuidor, etc | Ars Medica; |
| Fecha de publicación | 2009. |
| 300 ## - DESCRIPCION FISICA | |
| Extension | 463-919 p. |
| 500 ## - NOTA GENERAL | |
| Nota general | Gabbard, G. O. (Dir.). (2009). Tratamientos de los Trastornos Psiquiátricos. T.2 (1a ed.). Barcelona : Ars Medica. |
| 653 ## - TÉRMINO INDIZADO - PALABRAS CLAVES | |
| Palabra clave | Trastornos de ansiedad, trastornos dosiciativos y trastornos de adaptación |
| 653 ## - TÉRMINO INDIZADO - PALABRAS CLAVES | |
| Palabra clave | Trastornos somatomorfos y facticios |
| 653 ## - TÉRMINO INDIZADO - PALABRAS CLAVES | |
| Palabra clave | Trastornos sexuales y de la identidad sexual |
| 653 ## - TÉRMINO INDIZADO - PALABRAS CLAVES | |
| Palabra clave | Trastornos de la conducta alimentaria |
| 653 ## - TÉRMINO INDIZADO - PALABRAS CLAVES | |
| Palabra clave | Trastornos de la personalidad |
| 653 ## - TÉRMINO INDIZADO - PALABRAS CLAVES | |
| Palabra clave | Trastornos del sueño |
| 653 ## - TÉRMINO INDIZADO - PALABRAS CLAVES | |
| Palabra clave | Trastornos del control de los impulsos |
| 942 ## - ADDED ENTRY ELEMENTS (KOHA) | |
| Source of classification or shelving scheme | Dewey Decimal Classification |
| Item type | Libros |
| Estado de retiro | Existencia | Fuente de clasificación | Estado general | No para prestamo | Ubicación permanente | ubicación actual | Sala de ubicación | Fecha de adquisición | Fuente de adquisición | Costo, precio normal de compra | Total Checkouts | Número de clasificación | Código de barras | Date last seen | Date last borrowed | Número de ejemplar | Price effective from | Koha tipo de elemento (item) | Public note |
|---|---|---|---|---|---|---|---|---|---|---|---|---|---|---|---|---|---|---|---|
| Dewey Decimal Classification | Biblioteca Medicina | Biblioteca Medicina | Circulación | 20/03/2013 | PROMED | 358.00 | 1 | 616.89 28 GAB | 2820 | 06/11/2014 | 02/07/2014 | ej.1 | 20/03/2013 | Libros | COMPRA PROMED 2DA ETAPA, MARZO 2013 |